00441nam a2200133Ia 4500008004100000024004800041082001800089100007000107245002400177260002600201600002500227650003800252999001700290260210s9999 xx 000 0 und d a15B-054-SE, 15B-014-SE & 15B-056-SE a005.19125 AHM aAhmed Abid Khan, Muhammad Ali Qazi & Muhammad Nabeel Siddiqui 0aSemantic Job Search aKarachi:bUITU,c2015 aSoftware Engineering aBachelor of Computer Science (BS) c33417d33417